Интерфейс USB. Практика использования и программирования

Bibliografiset tiedot
Päätekijä: Агуров П. В. Павел Владимирович
Yhteenveto:Изложены базовые сведения по интерфейсу USB для ПК: примеры USB-устройств и советы по их выбору, правила установки и конфигурирования устройств, методы решения возникающих проблем. Описаны кабели, разъемы, принципы питания устройств и другое аппаратное обеспечение. Приведено внутреннее устройство USB и его физическая реализация, обсуждены общие вопросы написания драйверов для операционной системы Microsoft Windws 2000/ХР с примерами на языке Borland Pascal и в среде Delphi. Рассмотрен процесс создания USB-устройства: от выбора микросхем и схемотехники до написания программы микроконтроллера и WDM-драйвера. В книге содержится большое количество практических советов и примеров программ. Для удобства читателей все исходные коды приводятся на прилагаемом компакт-диске.
Kieli:venäjä
Julkaistu: Санкт-Петербург, БХВ-Петербург, 2006
Aiheet:
Aineistotyyppi: MixedMaterials
KOHA link:https://koha.lib.tpu.ru/cgi-bin/koha/opac-detail.pl?biblionumber=241875

MARC

LEADER 00000nmm0a2200000 4500
001 241875
005 20231101231842.0
010 |a 5941572026 
035 |a (RuTPU)RU\TPU\book\263164 
035 |a RU\TPU\book\135304 
090 |a 241875 
100 |a 20130820d2006 km y0rusy50 ca 
101 0 |a rus 
102 |a RU 
105 |a a z 001zy 
200 1 |a Интерфейс USB. Практика использования и программирования   |f П. В. Агуров 
210 |a Санкт-Петербург  |c БХВ-Петербург  |d 2006 
215 |a 553 с.  |c ил. 
320 |a Литература: с. 548. 
320 |a Предметный указатель: с. 549-553. 
330 |a Изложены базовые сведения по интерфейсу USB для ПК: примеры USB-устройств и советы по их выбору, правила установки и конфигурирования устройств, методы решения возникающих проблем. Описаны кабели, разъемы, принципы питания устройств и другое аппаратное обеспечение. Приведено внутреннее устройство USB и его физическая реализация, обсуждены общие вопросы написания драйверов для операционной системы Microsoft Windws 2000/ХР с примерами на языке Borland Pascal и в среде Delphi. Рассмотрен процесс создания USB-устройства: от выбора микросхем и схемотехники до написания программы микроконтроллера и WDM-драйвера. В книге содержится большое количество практических советов и примеров программ. Для удобства читателей все исходные коды приводятся на прилагаемом компакт-диске. 
606 1 |a Интерфейс  |2 stltpush  |3 (RuTPU)RU\TPU\subj\12839  |9 39548 
610 1 |a программирование 
610 1 |a USB 
610 1 |a создание 
610 1 |a функции 
610 1 |a драйверы 
610 1 |a программы 
675 |a 004.5  |v 4 
700 1 |a Агуров  |b П. В.  |g Павел Владимирович 
801 1 |a RU  |b 63413507  |c 20071109  |g PSBO 
801 2 |a RU  |b 63413507  |c 20140519  |g PSBO 
942 |c MX